Science Quiz

Random Science Quiz

Affected body part and Common diseases Quiz Stats

 Plays Quiz not verified by Sporcle

Challenge
Share
Tweet
Embed
Score 0/28 Timer 07:00
0 Plays Today
Hint Answer % Correct
Immune system of the bodyAIDS
88.9%
Bronchial musclesAsthma
83.3%
BladderCystitis
83.3%
SpleenMalaria
83.3%
Nerves and LimbsParalysis
83.3%
LegsPolio
83.3%
Thyroid glandGoitre
80.6%
NervesNeuritis
77.8%
TonsilisTonsillitis
77.8%
TongueGlossitis
75%
Spinal CordMyelitis
72.2%
BonesOsteomyelitis
72.2%
EarOtitis
72.2%
LiverHepatitis, Jaundice
69.4%
Hint Answer % Correct
StomachGastritis
66.7%
HeartCarditis
63.9%
ThroatDiphtheria
61.1%
BrainDementila
61.1%
IntestineColitis, Typhoid
58.3%
AbdomenPeritonitis
58.3%
LungsBronchitis, Pneumonia, Tuberculosis
55.6%
Brain and SpinalCordMeningitis
55.6%
SkinDermatitis, Eczema
47.2%
TeethPyarrhoea
47.2%
JointsArthritis, Rheumatism
36.1%
EyesCataract, Conjunctivitis, Trachoma, Glaucoma
36.1%
NoseRhinitis
36.1%
Pancreas and bloodDiabetes Mellitus
30.6%

You're not logged in!

Compare scores with friends on all Sporcle quizzes.
Join for Free
OR
Log In

You Might Also Like...

Show Comments

Extras

Top Quizzes Today


Score Distribution

Your Account Isn't Verified!

In order to create a playlist on Sporcle, you need to verify the email address you used during registration. Go to your Sporcle Settings to finish the process.

Report this User

Report this user for behavior that violates our Community Guidelines.

Details: